Statistics for Birds That Start With C

Click here to take the quiz!

General Stats

  • This quiz has been taken 75 times
  • The average score is 10 of 16

Answer Stats

HintAnswer% Correct
Extremely intelligent black birdCrow
97%
RoosterCock
94%
Raised for human consumptionChicken
93%
Tweety Bird, for exampleCanary
85%
Common North American gooseCanada goose
81%
Bright red songbirdCardinal
78%
Crested parrot and popular petCockatiel
75%
Lays its eggs in other birds' nestsCuckoo
73%
Type of New World vultureCondor
67%
Named for its "meow"-like callCatbird
61%
A young swanCygnet
61%
Coastal diving birdCormorant
52%
Tiny black-faced songbird from North AmericaChickadee
42%
Asian symbol of good luckCrane
34%
Another popular pet parrotConure
10%
Epithet for pro-war draft dodgersChickenhawk
4%

Score Distribution

Percentile by Number Answered

Percent of People with Each Score

Your Score History

You have not taken this quiz